Gaudí i els seus impulsors : Del 6 al 27 d'octubre de 2014 Del 6 al 27 d'octubre de 2014
Descripción Física:
1 tríptic ; il·lustracions color ; 21 x 15 cm
Materias:
Modernisme (Art) -- Congressos
Idioma:
Catalán
MARC
| LEADER | 00000nam a22000007a 4500 | ||
|---|---|---|---|
| 001 | 27871 | ||
| 003 | Arxiu | ||
| 005 | 20260324181516.0 | ||
| 008 | 230516b spa||||| |||| 00| 0 cat d | ||
| 017 | |a B 21755-2014 | ||
| 040 | |a agdb |b cat | ||
| 111 | |9 56386 |a Cicle de Conferències del Palau Güell |n (2n : |d 2014 : |c Barcelona) | ||
| 245 | |a Gaudí i els seus impulsors : |b Del 6 al 27 d'octubre de 2014 | ||
| 246 | |a Els López i els Güell, figures clau del Modernisme | ||
| 260 | |a Barcelona : |b Palau Güell : |b Diputació de Barcelona ; |c 2014 | ||
| 300 | |a 1 tríptic ; |b il·lustracions color ; |c 21 x 15 cm | ||
| 500 | |a Programa de mà de les conferències. | ||
| 650 | 0 | |9 56388 |a Modernisme (Art) |v Congressos | |
| 710 | 2 | |9 17034 |a Palau Güell (Barcelona) | |
| 710 | 1 | |a Barcelona (Catalunya : Província). |b Diputació |9 52408 | |
| 942 | |2 udc |c ARXIU |n 1 | ||
| 952 | |0 0 |1 0 |2 udc |4 0 |6 FU7595 |7 1 |9 66335 |a Arxiu |b Arxiu |d 2023-05-16 |l 0 |o FU-75-95 |p 27871 |r 2023-05-16 00:00:00 |w 2023-05-16 |y ARXIU | ||
| 999 | |c 83457 |d 83457 | ||